000 00564nam a2200229Ia 4500
005 20260320201038.0
008 008 262003s9999 xx 000 0 eng d
037 _aEBOOK
040 _aCRL
040 _beng
040 _cCRL
041 _2eng
041 _aeng
084 _qCRL
245 0 _aFog, Edge, and Pervasive Computing in Intelligent IoT Driven Applications
260 _bIEEE
260 _c2021
856 _uhttps://ieeexplore.ieee.org/servlet/opac?bknumber=9292526
942 _cEBOOK
999 _c1718487
_d1718487